000 00497nam a2200181Ia 4500
008 191127s9999 xx 000 0 und d
100 _aHutson, Matthew
245 _aHow memory became weaponized/
245 _cMatthew Hutson
260 _bSussex Publisher
260 _c2019
300 _aPages 58-65, March/April 2019
440 _aPsychology Today: Silence your inner critic
_v52: 2
650 _afake images
650 _afalse memories
650 _aMemory
650 _arecollection
999 _c362725
_d362725